Harar : une cité musulmane d'Ethiopie = a Muslim city of Ethiopia /

محفوظ في:

مؤلفون آخرون: Revault, Philippe., Santelli, Serge.

التنسيق: كتاب

اللغة: French
English

منشور في: Paris : Maisonneuve et Larose, c2004.

سلاسل: Collection Architecture & société = Collection Architecture and society.

الموضوعات:

الوسوم: إضافة وسم

لا توجد وسوم, كن أول من يضع وسما على هذه التسجيلة!

رقم الطلب: NA1586 .H37 2004

LEADER 01282namaa2200337 4500
001 25318
003 OSt
005 20250907075948.0
008 130303s2004 fr ab b 001 0 fre d
010 |a 2005373529 
020 |a 2706818751 
040 |c ARCE Library 
041 0 |a fre  |a eng 
043 |a f-et--- 
050 4 |a NA1586 .H37 2004 
245 0 0 |a Harar :   |b une cité musulmane d'Ethiopie = a Muslim city of Ethiopia /   |c sous la direction de Philippe Revault & Serge Santelli, editors ; traduction du français en anglais, Jack Liesveld. 
246 3 1 |a a Muslim city of Ethiopia. 
264 1 |a Paris :   |b Maisonneuve et Larose,   |c c2004. 
300 |a 255 pages :   |b chiefly col. ill., chiefly col. maps ;   |c 29 cm. 
490 0 |a Collection Architecture & société = Collection Architecture and society. 
504 |a Includes bibliographical references (pages 249-253) and index. 
546 |a In French and English. 
650 0 |a Architecture  |z Ethiopia  |z Hārer. 
650 0 |a City planning  |z Ethiopia  |z Hārer. 
651 0 |a Hārer (Ethiopia)   |x Social life and customs. 
651 0 |a Hārer (Ethiopia)  |x Buildings, structures, etc.  |9 19891 
700 1 |a Revault, Philippe. 
700 1 |a Santelli, Serge.  |9 39192 
901 |a reviewed 
942 |c BK  |2 lcc 
999 |c 23749  |d 23749